| 000 | 00687nam a22002057a 4500 | ||
|---|---|---|---|
| 003 | 0 | ||
| 005 | 20250902101935.0 | ||
| 008 | 250902b xxu||||| |||| 00| 0 eng d | ||
| 020 | _a979-8-89366-090-6 | ||
| 050 |
_aG 140.5 _b.A43 2025 |
||
| 100 |
_aAlderman, Bruce, _eauthor. |
||
| 245 |
_aWorld heritage and sustainable development : _ba global history / _cBruce Alderman. |
||
| 260 |
_aBrooklyn, NY : _bStates Academic Press, _c2025. |
||
| 300 |
_a202 pages : _billustrations ; _c23 cm. |
||
| 504 | _aIncludes bibliographical references and index. | ||
| 650 |
_aWorld Heritage areas _xHistory. |
||
| 650 | _aHistoric sites. | ||
| 650 |
_aCultural property _xHistory. |
||
| 942 |
_2lcc _cBK |
||
| 999 |
_c367742 _d367742 |
||